| 000 | 00638nam a2200193Ia 4500 | ||
|---|---|---|---|
| 003 | GCL | ||
| 008 | 140319s9999 xx 000 0 ara d | ||
| 040 |
_aGCL / _cGCL |
||
| 082 | 0 | 4 |
_a882 _bل ث |
| 100 | 1 | _aلويس عوض | |
| 245 | 1 | 0 |
_aثلاثية أوريست: أجاممنون, حاملات القرابين, الصافحات / _cلويس عوض |
| 260 |
_a[S.N] : _bالهيئة المصرية العامة للكتاب ، _c1987 |
||
| 300 | _a467 ص | ||
| 490 | _a | ||
| 650 | 0 | 4 | _aالادب اليونانى |
| 650 | 0 | 4 | _aالمسرح اليونانى |
| 650 | 0 | 4 | _aالمسرحيات اليونانية |
| 942 |
_2ddc _cBK |
||
| 999 |
_c27575 _d27575 |
||